000 00637nam a2200205 a 4500
999 _c9484
_d9484
020 _a0803102658 (hardcover)
020 _a9780803102651 (hardcover)
100 1 _aFreiman, S W
245 1 0 _aMethods for Assessing the Structural Reliability of Brittle Materials
250 _aFirst Edition.
260 _a[S.l.] :
_bAstm Intl,
_c1984.
300 _a229 p. ;
650 _aFracture mechanics--Congresses.
650 _aBrittleness--Congresses.
650 _aCeramic materials--Congresses.
700 _aHudson, C M
700 _aASTM
856 4 0 _uhttp://www.amazon.com/exec/obidos/ASIN/0803102658/chopaconline-20
942 _cBK